| 000 | 00606nam a2200229Ia 4500 | ||
|---|---|---|---|
| 003 | OSt | ||
| 005 | 20220926043130.0 | ||
| 006 | a|||||r|||| 00| 0 | ||
| 007 | ta | ||
| 008 | 220923b |||||||| |||| 00| 0 eng d | ||
| 037 | _cGeneral Book | ||
| 040 |
_aRTL _cRTL _beng |
||
| 041 |
_2eng _aeng |
||
| 082 | _aSigma b4, K5 | ||
| 100 | _aGould Julius Ed. | ||
| 245 | 0 | _aPenguin survey of the Social Science 1965 | |
| 260 | _c1965 | ||
| 500 | _aPenguin book, 2337 | ||
| 650 |
_aSocial Science _911018 |
||
| 942 |
_hSigma b4, K5 _cGB _2CC |
||
| 999 |
_c671517 _d671517 |
||